00495 2200193 4500001002100000005001500021035002000036007000300056008004100059020001800100082001100118084001700129100001700146245004300163250001100206260004500217300002900262990001000291INLIS00000000000996120220114022703 a0010-0122000162ta220114 g 0 ind  a9789790747333 a028.55 a028.55 IDE n0 aIDEO, watiek1 aNomi Suka Bersih-Bersih /cWatiek Ideo aCet. 1 aJakarta :bPT Bhuana Ilmu Populer,c2011 a15 hlm :b.ilus ;c19 cm a16324